<?xml version="1.0" encoding="UTF-8"?>
<record
    xmlns:xsi="http://www.w3.org/2001/XMLSchema-instance"
    xsi:schemaLocation="http://www.loc.gov/MARC21/slim http://www.loc.gov/standards/marcxml/schema/MARC21slim.xsd"
    xmlns="http://www.loc.gov/MARC21/slim">

  <leader>01952nam a22002537a 4500</leader>
  <controlfield tag="003">OSt</controlfield>
  <controlfield tag="005">20220930142808.0</controlfield>
  <controlfield tag="008">190807b        xxu||||| |||| 00| 0 eng d</controlfield>
  <datafield tag="020" ind1=" " ind2=" ">
    <subfield code="a">9780077861032</subfield>
  </datafield>
  <datafield tag="020" ind1=" " ind2=" ">
    <subfield code="a">0077861035</subfield>
  </datafield>
  <datafield tag="040" ind1=" " ind2=" ">
    <subfield code="c">LC</subfield>
  </datafield>
  <datafield tag="050" ind1=" " ind2=" ">
    <subfield code="a">HF5415.M29(12e)</subfield>
  </datafield>
  <datafield tag="100" ind1=" " ind2=" ">
    <subfield code="a">Kerin, Roger A.</subfield>
    <subfield code="9">460</subfield>
  </datafield>
  <datafield tag="245" ind1=" " ind2=" ">
    <subfield code="a">Marketing:  /</subfield>
    <subfield code="c">Roger A. Kerin, Steven W. Hartley and William Rudelius.</subfield>
  </datafield>
  <datafield tag="250" ind1=" " ind2=" ">
    <subfield code="a">12th ed.</subfield>
  </datafield>
  <datafield tag="260" ind1=" " ind2=" ">
    <subfield code="a">New York:</subfield>
    <subfield code="b">McGraw-Hill,</subfield>
    <subfield code="c">2015.</subfield>
  </datafield>
  <datafield tag="300" ind1=" " ind2=" ">
    <subfield code="a">xliv, 740 p. :</subfield>
    <subfield code="b">ill. ;</subfield>
    <subfield code="c">28 cm.</subfield>
  </datafield>
  <datafield tag="500" ind1=" " ind2=" ">
    <subfield code="a">Includes index.</subfield>
  </datafield>
  <datafield tag="505" ind1=" " ind2=" ">
    <subfield code="a">Content: 1. Initiating the marketing process: Creating customer relationships and value through marketing -- Developing successful organizational and marketing strategies -- Scanning the marketing environment -- Ethical and social responsibility in marketing -- 2. Understanding buyers and markets: Understanding buyers and markets: Understanding consumer behavior -- Understanding organizations as customers -- Understanding and reaching global consumers and markets -- 3. Targeting marketing opportunities: Marketing research: From customer insights to actions -- Market segmentation, targeting, and positioning -- 4.Satisfying marketing opportunities: Developing new products and services -- Managing successful products, services, and brands -- Service marketing -- Building the price foundation -- Arriving at the final price -- Managing marketing channels and supply chains -- Retailing and wholesaling -- Integrated marketing communications and direct marketing -- Advertising, sales promotion, and public relations -- Using Social media to connect with consumers -- Personal selling and sales management -- 5. Managing the marketing process: Implementing interactive and multichannel marketing -- Pulling it all together: the strategic marketing process --      </subfield>
  </datafield>
  <datafield tag="650" ind1=" " ind2=" ">
    <subfield code="2">Marketing</subfield>
  </datafield>
  <datafield tag="700" ind1=" " ind2=" ">
    <subfield code="a">Hartley, Steven W.</subfield>
    <subfield code="9">461</subfield>
  </datafield>
  <datafield tag="700" ind1=" " ind2=" ">
    <subfield code="a">Rudelius, William.</subfield>
    <subfield code="9">462</subfield>
  </datafield>
  <datafield tag="942" ind1=" " ind2=" ">
    <subfield code="2">lcc</subfield>
    <subfield code="c">BK</subfield>
  </datafield>
  <datafield tag="999" ind1=" " ind2=" ">
    <subfield code="c">8070</subfield>
    <subfield code="d">15570</subfield>
  </datafield>
  <datafield tag="952" ind1=" " ind2=" ">
    <subfield code="0">0</subfield>
    <subfield code="1">0</subfield>
    <subfield code="2">lcc</subfield>
    <subfield code="4">0</subfield>
    <subfield code="7">0</subfield>
    <subfield code="a">WIUC-KL</subfield>
    <subfield code="b">WIUC-KL</subfield>
    <subfield code="c">GEN</subfield>
    <subfield code="d">2019-11-07</subfield>
    <subfield code="l">0</subfield>
    <subfield code="o">HF5415.M29(12e)</subfield>
    <subfield code="p">K/1496/1496/19</subfield>
    <subfield code="r">2021-11-22 00:00:00</subfield>
    <subfield code="t">1</subfield>
    <subfield code="w">2021-11-22</subfield>
    <subfield code="y">BK</subfield>
  </datafield>
  <datafield tag="952" ind1=" " ind2=" ">
    <subfield code="0">0</subfield>
    <subfield code="1">0</subfield>
    <subfield code="2">lcc</subfield>
    <subfield code="4">0</subfield>
    <subfield code="7">0</subfield>
    <subfield code="a">WIUC-KL</subfield>
    <subfield code="b">WIUC-KL</subfield>
    <subfield code="c">GEN</subfield>
    <subfield code="d">2019-11-07</subfield>
    <subfield code="l">0</subfield>
    <subfield code="o">HF5415.M291(12e)</subfield>
    <subfield code="p">K/1497/1497/19</subfield>
    <subfield code="r">2021-11-22 00:00:00</subfield>
    <subfield code="t">2</subfield>
    <subfield code="w">2021-11-22</subfield>
    <subfield code="y">BK</subfield>
  </datafield>
  <datafield tag="952" ind1=" " ind2=" ">
    <subfield code="0">0</subfield>
    <subfield code="1">0</subfield>
    <subfield code="2">lcc</subfield>
    <subfield code="4">0</subfield>
    <subfield code="7">0</subfield>
    <subfield code="a">WIUC-KL</subfield>
    <subfield code="b">WIUC-KL</subfield>
    <subfield code="c">GEN</subfield>
    <subfield code="d">2019-11-07</subfield>
    <subfield code="l">0</subfield>
    <subfield code="o">HF5415.M292(12e)</subfield>
    <subfield code="p">K/1498/1498/19</subfield>
    <subfield code="r">2021-11-22 00:00:00</subfield>
    <subfield code="t">3</subfield>
    <subfield code="w">2021-11-22</subfield>
    <subfield code="y">BK</subfield>
  </datafield>
  <datafield tag="952" ind1=" " ind2=" ">
    <subfield code="0">0</subfield>
    <subfield code="1">0</subfield>
    <subfield code="2">lcc</subfield>
    <subfield code="4">0</subfield>
    <subfield code="7">0</subfield>
    <subfield code="a">WIUC-KL</subfield>
    <subfield code="b">WIUC-KL</subfield>
    <subfield code="c">GEN</subfield>
    <subfield code="d">2019-11-07</subfield>
    <subfield code="l">0</subfield>
    <subfield code="o">HF5415.M293(12e)</subfield>
    <subfield code="p">K/1499/1499/19</subfield>
    <subfield code="r">2021-11-22 00:00:00</subfield>
    <subfield code="t">4</subfield>
    <subfield code="w">2021-11-22</subfield>
    <subfield code="y">BK</subfield>
  </datafield>
  <datafield tag="952" ind1=" " ind2=" ">
    <subfield code="0">0</subfield>
    <subfield code="1">0</subfield>
    <subfield code="2">lcc</subfield>
    <subfield code="4">0</subfield>
    <subfield code="7">0</subfield>
    <subfield code="a">WIUC-KL</subfield>
    <subfield code="b">WIUC-KL</subfield>
    <subfield code="c">GEN</subfield>
    <subfield code="d">2019-11-07</subfield>
    <subfield code="l">0</subfield>
    <subfield code="o">HF5415.M294(12e)</subfield>
    <subfield code="p">K/1500/1500/19</subfield>
    <subfield code="r">2021-11-22 00:00:00</subfield>
    <subfield code="t">5</subfield>
    <subfield code="w">2021-11-22</subfield>
    <subfield code="y">BK</subfield>
  </datafield>
  <datafield tag="952" ind1=" " ind2=" ">
    <subfield code="0">0</subfield>
    <subfield code="1">0</subfield>
    <subfield code="2">lcc</subfield>
    <subfield code="4">0</subfield>
    <subfield code="7">0</subfield>
    <subfield code="a">WIUC-KL</subfield>
    <subfield code="b">WIUC-KL</subfield>
    <subfield code="c">GEN</subfield>
    <subfield code="d">2019-11-07</subfield>
    <subfield code="l">0</subfield>
    <subfield code="o">HF5415.M295(12e)</subfield>
    <subfield code="p">K/1501/1501/19</subfield>
    <subfield code="r">2021-11-22 00:00:00</subfield>
    <subfield code="t">6</subfield>
    <subfield code="w">2021-11-22</subfield>
    <subfield code="y">BK</subfield>
  </datafield>
  <datafield tag="952" ind1=" " ind2=" ">
    <subfield code="0">0</subfield>
    <subfield code="1">0</subfield>
    <subfield code="2">lcc</subfield>
    <subfield code="4">0</subfield>
    <subfield code="7">0</subfield>
    <subfield code="a">WIUC-KL</subfield>
    <subfield code="b">WIUC-KL</subfield>
    <subfield code="c">GEN</subfield>
    <subfield code="d">2019-11-07</subfield>
    <subfield code="l">0</subfield>
    <subfield code="o">HF5415.M296(12e)</subfield>
    <subfield code="p">K/1502/1502/19</subfield>
    <subfield code="r">2021-11-22 00:00:00</subfield>
    <subfield code="t">7</subfield>
    <subfield code="w">2021-11-22</subfield>
    <subfield code="y">BK</subfield>
  </datafield>
  <datafield tag="952" ind1=" " ind2=" ">
    <subfield code="0">0</subfield>
    <subfield code="1">0</subfield>
    <subfield code="2">lcc</subfield>
    <subfield code="4">0</subfield>
    <subfield code="7">0</subfield>
    <subfield code="a">WIUC-KL</subfield>
    <subfield code="b">WIUC-KL</subfield>
    <subfield code="c">GEN</subfield>
    <subfield code="d">2019-11-07</subfield>
    <subfield code="l">0</subfield>
    <subfield code="o">HF5415.M297(12e)</subfield>
    <subfield code="p">K/1503/1503/19</subfield>
    <subfield code="r">2021-11-22 00:00:00</subfield>
    <subfield code="t">8</subfield>
    <subfield code="w">2021-11-22</subfield>
    <subfield code="y">BK</subfield>
  </datafield>
  <datafield tag="952" ind1=" " ind2=" ">
    <subfield code="0">0</subfield>
    <subfield code="1">0</subfield>
    <subfield code="2">lcc</subfield>
    <subfield code="4">0</subfield>
    <subfield code="7">0</subfield>
    <subfield code="a">WIUC-KL</subfield>
    <subfield code="b">WIUC-KL</subfield>
    <subfield code="c">GEN</subfield>
    <subfield code="d">2019-11-07</subfield>
    <subfield code="l">0</subfield>
    <subfield code="o">HF5415.M298(12e)</subfield>
    <subfield code="p">K/1504/1504/19</subfield>
    <subfield code="r">2021-11-22 00:00:00</subfield>
    <subfield code="t">9</subfield>
    <subfield code="w">2021-11-22</subfield>
    <subfield code="y">BK</subfield>
  </datafield>
  <datafield tag="952" ind1=" " ind2=" ">
    <subfield code="0">0</subfield>
    <subfield code="1">0</subfield>
    <subfield code="2">lcc</subfield>
    <subfield code="4">0</subfield>
    <subfield code="7">0</subfield>
    <subfield code="a">WIUC-KL</subfield>
    <subfield code="b">WIUC-KL</subfield>
    <subfield code="c">GEN</subfield>
    <subfield code="d">2019-11-07</subfield>
    <subfield code="l">0</subfield>
    <subfield code="o">HF5415.M299(12e)</subfield>
    <subfield code="p">K/1505/1505/19</subfield>
    <subfield code="r">2021-11-22 00:00:00</subfield>
    <subfield code="t">10</subfield>
    <subfield code="w">2021-11-22</subfield>
    <subfield code="y">BK</subfield>
  </datafield>
  <datafield tag="952" ind1=" " ind2=" ">
    <subfield code="0">0</subfield>
    <subfield code="1">0</subfield>
    <subfield code="2">lcc</subfield>
    <subfield code="4">0</subfield>
    <subfield code="7">0</subfield>
    <subfield code="a">WIUC-KL</subfield>
    <subfield code="b">WIUC-KL</subfield>
    <subfield code="c">GEN</subfield>
    <subfield code="d">2019-11-07</subfield>
    <subfield code="l">0</subfield>
    <subfield code="o">HF5415.M300(12e)</subfield>
    <subfield code="p">K/1506/1506/19</subfield>
    <subfield code="r">2021-11-22 00:00:00</subfield>
    <subfield code="t">11</subfield>
    <subfield code="w">2021-11-22</subfield>
    <subfield code="y">BK</subfield>
  </datafield>
  <datafield tag="952" ind1=" " ind2=" ">
    <subfield code="0">0</subfield>
    <subfield code="1">0</subfield>
    <subfield code="2">lcc</subfield>
    <subfield code="4">0</subfield>
    <subfield code="7">0</subfield>
    <subfield code="a">WIUC-KL</subfield>
    <subfield code="b">WIUC-KL</subfield>
    <subfield code="c">GEN</subfield>
    <subfield code="d">2019-11-07</subfield>
    <subfield code="l">0</subfield>
    <subfield code="o">HF5415.M301(12e)</subfield>
    <subfield code="p">K/1507/1507/19</subfield>
    <subfield code="r">2021-11-22 00:00:00</subfield>
    <subfield code="t">12</subfield>
    <subfield code="w">2021-11-22</subfield>
    <subfield code="y">BK</subfield>
  </datafield>
  <datafield tag="952" ind1=" " ind2=" ">
    <subfield code="0">0</subfield>
    <subfield code="1">0</subfield>
    <subfield code="2">lcc</subfield>
    <subfield code="4">0</subfield>
    <subfield code="7">0</subfield>
    <subfield code="a">WIUC-KL</subfield>
    <subfield code="b">WIUC-KL</subfield>
    <subfield code="c">GEN</subfield>
    <subfield code="d">2019-11-06</subfield>
    <subfield code="l">0</subfield>
    <subfield code="o">HF5415.M302(12e)</subfield>
    <subfield code="p">K/1432/1432/19</subfield>
    <subfield code="r">2021-11-23 00:00:00</subfield>
    <subfield code="t">13</subfield>
    <subfield code="w">2021-11-22</subfield>
    <subfield code="y">BK</subfield>
  </datafield>
  <datafield tag="952" ind1=" " ind2=" ">
    <subfield code="0">0</subfield>
    <subfield code="1">0</subfield>
    <subfield code="2">lcc</subfield>
    <subfield code="4">0</subfield>
    <subfield code="7">0</subfield>
    <subfield code="a">WIUC-KL</subfield>
    <subfield code="b">WIUC-KL</subfield>
    <subfield code="c">GEN</subfield>
    <subfield code="d">2019-11-06</subfield>
    <subfield code="l">0</subfield>
    <subfield code="o">HF5415.M303(12e)</subfield>
    <subfield code="p">K/1433/1433/19</subfield>
    <subfield code="r">2021-11-23 00:00:00</subfield>
    <subfield code="t">14</subfield>
    <subfield code="w">2021-11-22</subfield>
    <subfield code="y">BK</subfield>
  </datafield>
  <datafield tag="952" ind1=" " ind2=" ">
    <subfield code="0">0</subfield>
    <subfield code="1">0</subfield>
    <subfield code="2">lcc</subfield>
    <subfield code="4">0</subfield>
    <subfield code="7">0</subfield>
    <subfield code="a">WIUC-KL</subfield>
    <subfield code="b">WIUC-KL</subfield>
    <subfield code="c">GEN</subfield>
    <subfield code="d">2019-11-06</subfield>
    <subfield code="l">0</subfield>
    <subfield code="o">HF5415.M304(12e)</subfield>
    <subfield code="p">K/1649/1649/19</subfield>
    <subfield code="r">2021-11-23 00:00:00</subfield>
    <subfield code="t">15</subfield>
    <subfield code="w">2021-11-22</subfield>
    <subfield code="y">BK</subfield>
  </datafield>
</record>
